[Event "Bad Woerishofen op"]
[Site "?"]
[Date "2000.??.??"]
[Round "7"]
[White "Niebuhr, Gerd"]
[Black "Servaty, Rudolf"]
[Result "0-1"]
[WhiteElo "1833"]
[BlackElo "2274"]
[Annotator "ChessOrg"]
[PlyCount "70"]
[EventDate "2000.??.??"]
[Source "ChessBase"]
[SourceDate "1998.04.29"]

1. d4 Nf6 2. Nf3 e6 3. e3 b6 4. Bd3 Bb7 5. Nbd2 d5 6. Ne5 Be7 7. f4 O-O 8. Qf3
c5 9. b3 cxd4 10. exd4 Bb4 11. c3 Be7 12. O-O Nbd7 13. Bb2 Rc8 14. Rae1 Nxe5
15. fxe5 Ne8 16. Qg4 g6 17. Nf3 Ng7 18. h4 Rc6 19. Qh3 Qc8 20. g4 Ba6 21. Bxa6
Qxa6 22. a4 Qd3 23. Rf2 f5 24. Rd2 fxg4 25. Rxd3 gxh3 26. Bc1 Rfc8 27. Bd2 Nf5
28. Kh2 Bxh4 29. Nxh4 Nxh4 30. Kxh3 Nf5 31. Rc1 a6 32. Be1 h6 33. Kg4 Kf7 34.
Kf3 g5 35. Ke2 Kg6 0-1

[Event "Bad Woerishofen op"]
[Site "?"]
[Date "2000.??.??"]
[Round "2"]
[White "Nowotny, Heinz"]
[Black "Hahner, Anton"]
[Result "1-0"]
[WhiteElo "2255"]
[BlackElo "1800"]
[Annotator "ChessOrg"]
[PlyCount "59"]
[EventDate "2000.??.??"]
[Source "ChessBase"]
[SourceDate "1998.04.29"]

1. Nf3 d5 2. b3 Nf6 3. Bb2 c5 4. e3 Nc6 5. Bb5 Bd7 6. O-O e6 7. d3 Be7 8. Nbd2
O-O 9. Bxc6 Bxc6 10. Ne5 Qc7 11. f4 Nd7 12. Nxd7 Qxd7 13. Qg4 f6 14. Rad1 Rf7
15. e4 f5 16. exf5 exf5 17. Qh3 Bf6 18. Bxf6 Rxf6 19. Nf3 d4 20. Ne5 Qd5 21.
Nxc6 Qxc6 22. Rde1 Re8 23. Re5 g6 24. Rfe1 Rfe6 25. Qg3 R8e7 26. R1e2 Qe8 27.
Qe1 Kf7 28. Qh4 Kg7 29. Qxe7+ Qxe7 30. Rxe6 1-0

[Event "Bad Woerishofen op"]
[Site "?"]
[Date "2000.??.??"]
[Round "4"]
[White "Nowotny, Heinz"]
[Black "Schuller, Erhard"]
[Result "1-0"]
[WhiteElo "2255"]
[BlackElo "1523"]
[Annotator "ChessOrg"]
[PlyCount "172"]
[EventDate "2000.??.??"]
[Source "ChessBase"]
[SourceDate "1998.04.29"]

1. Nf3 d5 2. b3 Nc6 3. Bb2 Bf5 4. e3 a6 5. Be2 Nf6 6. O-O e6 7. d3 Be7 8. Nbd2
h6 9. Rc1 O-O 10. d4 Nd7 11. c4 Nb4 12. a3 Nd3 13. Bxd3 Bxd3 14. Re1 dxc4 15.
Nxc4 Bh7 16. b4 Bf6 17. Qb3 g5 18. h3 Be4 19. Nfd2 Bh7 20. Na5 Rb8 21. Qc3 c6
22. Nab3 Nb6 23. Nc5 Re8 24. Qb3 Qd5 25. Nc4 Nxc4 26. Qxc4 Qxc4 27. Rxc4 Red8
28. Rcc1 Bg7 29. Red1 Bf8 30. f3 Bd6 31. Kf2 Kf8 32. Ke2 Bg8 33. Ne4 Be7 34.
Nc5 f6 35. e4 Kf7 36. Ke3 f5 37. Nd3 f4+ 38. Ke2 Bf6 39. e5 Be7 40. Nc5 Rd5 41.
Ne4 Bh7 42. Nc3 Rdd8 43. Ne4 Rbc8 44. Nc5 Bxc5 45. bxc5 Ke7 46. Rh1 Bf5 47.
Rhd1 Ra8 48. Rc3 Kd7 49. Rd2 Kc8 50. Rb3 a5 51. a4 Ra6 52. Bc3 Rd7 53. Rdb2 h5
54. Kf2 g4 55. hxg4 hxg4 56. fxg4 Bxg4 57. Rb6 Rxb6 58. Rxb6 Bd1 59. Rb1 Bxa4
60. Ra1 Bb5 61. Rxa5 Ba6 62. Ra1 Rg7 63. Rh1 Rg3 64. Rh8+ Kd7 65. Rh3 Rxh3 66.
gxh3 Bd3 67. Kf3 Bf5 68. h4 Ke7 69. Kxf4 Kf7 70. Kg5 Kg7 71. Ba5 Kh7 72. Bd8
Bh3 73. Kf6 Kh6 74. Kf7 Bf5 75. Ke8 Bd3 76. Kd7 Bc4 77. Kd6 Kg6 78. Ke7 Bd5 79.
Kf8 Kh5 80. Kg7 Bc4 81. Bf6 Bd5 82. Kf7 Bc4 83. Ke7 Bd5 84. Kd6 Bc4 85. Kc7 Bd3
86. Kxb7 Kg4 1-0

[Event "Bad Woerishofen op"]
[Site "?"]
[Date "2000.??.??"]
[Round "6"]
[White "Nowotny, Heinz"]
[Black "Johne, Siegfried"]
[Result "1-0"]
[WhiteElo "2255"]
[BlackElo "1894"]
[Annotator "ChessOrg"]
[PlyCount "81"]
[EventDate "2000.??.??"]
[Source "ChessBase"]
[SourceDate "1998.04.29"]

1. Nf3 c5 2. b3 Nf6 3. Bb2 e6 4. e3 Be7 5. d4 cxd4 6. exd4 O-O 7. Bd3 d5 8. O-O
b6 9. Nbd2 Ba6 10. c4 Nbd7 11. Qe2 Rc8 12. Rac1 Rc7 13. Rc2 Qb8 14. Rfc1 Rfc8
15. Ne5 Nxe5 16. dxe5 Nd7 17. Nf3 Nc5 18. Bd4 Nxd3 19. Qxd3 dxc4 20. bxc4 Rc6
21. Qb3 Qc7 22. Nd2 Bg5 23. Be3 Bxe3 24. Qxe3 Bxc4 25. Rxc4 Rxc4 26. Rxc4 Qd7
27. Rxc8+ Qxc8 28. Ne4 Qc2 29. h3 Qxa2 30. Nd6 Qd5 31. Qc3 h6 32. Qc8+ Kh7 33.
Nxf7 b5 34. Qc2+ Kg8 35. Qc7 a5 36. Nd8 b4 37. Nc6 Qd1+ 38. Kh2 b3 39. Nxa5 b2
40. Qb8+ Kh7 41. Qxb2 1-0

[Event "Bad Woerishofen op"]
[Site "?"]
[Date "2000.??.??"]
[Round "8"]
[White "Nowotny, Heinz"]
[Black "Borchert, Reinhard"]
[Result "0-1"]
[WhiteElo "2255"]
[BlackElo "1840"]
[Annotator "ChessOrg"]
[PlyCount "142"]
[EventDate "2000.??.??"]
[Source "ChessBase"]
[SourceDate "1998.04.29"]

1. Nf3 d5 2. b3 Nf6 3. Bb2 e6 4. e3 Be7 5. c4 O-O 6. cxd5 exd5 7. Be2 Bg4 8.
O-O Nbd7 9. d4 c6 10. Nbd2 Bd6 11. h3 Bh5 12. Nh2 Bxe2 13. Qxe2 Qe7 14. Qf3
Rfe8 15. a3 Nf8 16. b4 a6 17. Ng4 Nxg4 18. Qxg4 Ng6 19. Rac1 Rad8 20. Nb3 Rf8
21. Nc5 f5 22. Qd1 f4 23. Qg4 Rde8 24. Rce1 f3 25. g3 Qf7 26. Qd7 Bxc5 27.
Qxf7+ Rxf7 28. bxc5 Nf8 29. Rb1 Nd7 30. Bc3 Nf6 31. Rb3 g5 32. Rfb1 Ree7 33.
Ba5 Rd7 34. Bb6 h5 35. Ba7 Ne4 36. R1b2 Kh7 37. Bb8 Kg6 38. Be5 Kf5 39. Kh2 g4
40. h4 Nxc5 41. dxc5 Kxe5 42. Rb4 Rfe7 43. Rd4 Kf5 44. Rbd2 Re4 45. Rxe4 Kxe4
46. Rd4+ Kf5 47. Kg1 Re7 48. Rf4+ Ke6 49. Kf1 Kd7 50. Rf5 Rh7 51. Ke1 Kc7 52.
Kd2 b6 53. cxb6+ Kxb6 54. Kc3 a5 55. a4 Rh6 56. Kd4 Re6 57. Kc3 Re4 58. Kb3 d4
59. exd4 Re2 60. Rxh5 Rxf2 61. Rf5 Rg2 62. h5 Rxg3 63. Kc2 Rg2+ 64. Kd3 f2 65.
Ke2 g3 66. h6 Rg1 67. h7 Re1+ 68. Kd2 Rh1 69. Ke2 g2 70. h8=Q f1=Q+ 71. Rxf1
gxf1=Q+ 0-1

[Event "Bad Woerishofen op"]
[Site "?"]
[Date "2000.??.??"]
[Round "1"]
[White "Nygaard, Kaare"]
[Black "Fehres, Werner"]
[Result "0-1"]
[WhiteElo "1238"]
[BlackElo "1806"]
[Annotator "ChessOrg"]
[PlyCount "64"]
[EventDate "2000.??.??"]
[Source "ChessBase"]
[SourceDate "1998.04.29"]

1. e4 e5 2. Nf3 d6 3. Bc4 h6 4. h3 c6 5. d4 Qc7 6. Nc3 Nd7 7. Be3 b5 8. Bb3 Nb6
9. a3 a6 10. dxe5 dxe5 11. Bxb6 Qxb6 12. Nxe5 Ra7 13. Qf3 Nf6 14. Nd3 Nh7 15.
O-O Ng5 16. Qe2 Ne6 17. Rfe1 Nd4 18. Qd2 Bxh3 19. Re3 Be6 20. Bxe6 Nxe6 21. Rd1
Be7 22. Ne5 Bg5 23. Qe2 Bxe3 24. fxe3 Qc5 25. Nf3 O-O 26. Kf1 Re7 27. Nd4 Ng5
28. Nf5 Re6 29. Ng3 Qe5 30. Qf2 Rf6 31. Nf5 Nxe4 32. Nxe4 Rxf5 0-1

[Event "Bad Woerishofen op"]
[Site "?"]
[Date "2000.??.??"]
[Round "3"]
[White "Nygaard, Kaare"]
[Black "Michalowski, Richard"]
[Result "0-1"]
[WhiteElo "1238"]
[BlackElo "1591"]
[Annotator "ChessOrg"]
[PlyCount "52"]
[EventDate "2000.??.??"]
[Source "ChessBase"]
[SourceDate "1998.04.29"]

1. e4 d5 2. exd5 Qxd5 3. Nc3 Qa5 4. d4 c6 5. Bd2 Bf5 6. Nf3 Nd7 7. Be2 e6 8. a3
Be7 9. O-O Qc7 10. Be3 Ngf6 11. h3 h6 12. Qd2 Bd6 13. b4 a6 14. Bd3 Bxd3 15.
Qxd3 O-O 16. Rfe1 Rfe8 17. Bc1 Rad8 18. Bb2 e5 19. Ne4 Nxe4 20. Rxe4 Nf6 21.
Rxe5 Bxe5 22. Nxe5 Rxe5 23. Qg3 Re7 24. Qf3 Rde8 25. g3 Re2 26. Kf1 Qd7 0-1

[Event "Bad Woerishofen op"]
[Site "?"]
[Date "2000.??.??"]
[Round "5"]
[White "Nygaard, Kaare"]
[Black "Malik, Rosemarie"]
[Result "1-0"]
[WhiteElo "1238"]
[BlackElo "1248"]
[Annotator "ChessOrg"]
[PlyCount "81"]
[EventDate "2000.??.??"]
[Source "ChessBase"]
[SourceDate "1998.04.29"]

1. e4 e5 2. Nf3 Nc6 3. Bb5 a6 4. Ba4 Nf6 5. d3 b5 6. Bb3 Be7 7. c3 Bb7 8. O-O
O-O 9. Re1 Na5 10. Bc2 c5 11. Nxe5 Nc6 12. Nxc6 Bxc6 13. Nd2 d6 14. Nf3 Nd7 15.
d4 cxd4 16. cxd4 Rc8 17. Qd3 g6 18. Bh6 Re8 19. d5 Bb7 20. Rec1 Bf8 21. Bxf8
Rxf8 22. h3 Ne5 23. Nxe5 dxe5 24. Bb3 Qd6 25. Rc3 Rxc3 26. bxc3 Bc8 27. Rc1 Rd8
28. c4 bxc4 29. Rxc4 Bd7 30. Ba4 Bxa4 31. Rxa4 Ra8 32. Qc3 Qb8 33. Rb4 Qd8 34.
a3 f6 35. Qc6 Kf8 36. Rb7 Rc8 37. Qxa6 Rc1+ 38. Kh2 Rc8 39. Rxh7 Kg8 40. Qb7
Qf8 41. Rh4 1-0

[Event "Bad Woerishofen op"]
[Site "?"]
[Date "2000.??.??"]
[Round "8"]
[White "Nygaard, Kaare"]
[Black "Weibrecht, Carl"]
[Result "1/2-1/2"]
[WhiteElo "1238"]
[BlackElo "1600"]
[Annotator "ChessOrg"]
[PlyCount "45"]
[EventDate "2000.??.??"]
[Source "ChessBase"]
[SourceDate "1998.04.29"]

1. e4 g6 2. d4 Bg7 3. Nc3 d6 4. f4 Nf6 5. Nf3 O-O 6. Bc4 e6 7. O-O c6 8. e5 Ne8
9. Be3 d5 10. Bd3 Bd7 11. h4 f6 12. h5 g5 13. fxg5 fxg5 14. Nxg5 h6 15. Nh7
Rxf1+ 16. Qxf1 Nc7 17. Qf3 Nba6 18. a3 Qe7 19. Qg3 Kh8 20. Qg6 Be8 21. Qg4 Bf7
22. Rf1 Rg8 23. Bg6 1/2-1/2

[Event "Bad Woerishofen op"]
[Site "?"]
[Date "2000.??.??"]
[Round "1"]
[White "Oldach, Ehrenfried"]
[Black "Erler, Klaus-Juergen"]
[Result "1/2-1/2"]
[WhiteElo "2082"]
[BlackElo "1750"]
[Annotator "ChessOrg"]
[PlyCount "86"]
[EventDate "2000.??.??"]
[Source "ChessBase"]
[SourceDate "1998.04.29"]

1. e4 d6 2. d4 Nf6 3. Nc3 c6 4. f4 Nbd7 5. Nf3 Qa5 6. Bd2 e5 7. Bd3 exd4 8.
Nxd4 Nc5 9. Qe2 Bg4 10. Qe3 Nxd3+ 11. cxd3 Bd7 12. Nd5 Qd8 13. Nxf6+ Qxf6 14.
Bc3 Qh6 15. O-O-O Be7 16. Nf5 Bxf5 17. exf5 Kd7 18. g4 Rhe8 19. Qf3 g5 20. fxg6
fxg6 21. g5 Qf8 22. h4 Qf7 23. Kb1 Rf8 24. h5 Kc7 25. hxg6 hxg6 26. Qg4 Qxf4
27. Qxf4 Rxf4 28. Rh7 Re8 29. Rg7 Rf5 30. Re1 Kd8 31. Rexe7 Rxe7 32. Bf6 Rf1+
33. Kc2 Rfe1 34. Rxg6 Ke8 35. Bxe7 Rxe7 36. Rxd6 Rg7 37. Rh6 Rxg5 38. Rh7 Rb5
39. a4 Rb4 40. Kc3 a5 41. b3 Kd8 42. Rh5 b6 43. Rh7 Kc8 1/2-1/2

[Event "Bad Woerishofen op"]
[Site "?"]
[Date "2000.??.??"]
[Round "3"]
[White "Oldach, Ehrenfried"]
[Black "Bierbach, Utz"]
[Result "1-0"]
[WhiteElo "2082"]
[BlackElo "1756"]
[Annotator "ChessOrg"]
[PlyCount "65"]
[EventDate "2000.??.??"]
[Source "ChessBase"]
[SourceDate "1998.04.29"]

1. f4 g6 2. Nf3 Bg7 3. e4 d6 4. d4 c5 5. dxc5 Qa5+ 6. Bd2 Qxc5 7. Nc3 Bd7 8.
Bd3 Nf6 9. Qe2 O-O 10. Be3 Qa5 11. O-O Nc6 12. a3 a6 13. h3 b5 14. g4 e6 15.
Qf2 Qc7 16. Ne2 Rab8 17. Ng3 e5 18. f5 gxf5 19. Nxf5 Bxf5 20. gxf5 Kh8 21. Kh1
d5 22. Rg1 Rg8 23. Qh4 Qe7 24. Ng5 d4 25. Bd2 a5 26. Bxa5 h6 27. Bd2 Nh7 28.
Nf3 Qxh4 29. Nxh4 Bf6 30. Nf3 Ng5 31. Nxg5 hxg5 32. Rg4 Kh7 33. Rag1 1-0

[Event "Bad Woerishofen op"]
[Site "?"]
[Date "2000.??.??"]
[Round "5"]
[White "Oldach, Ehrenfried"]
[Black "Braeu, Ludwig"]
[Result "1/2-1/2"]
[WhiteElo "2082"]
[BlackElo "1830"]
[Annotator "ChessOrg"]
[PlyCount "40"]
[EventDate "2000.??.??"]
[Source "ChessBase"]
[SourceDate "1998.04.29"]

1. e4 c5 2. Nf3 Nc6 3. d4 cxd4 4. Nxd4 g6 5. Nc3 Bg7 6. Be3 Nf6 7. Bc4 Qa5 8.
O-O O-O 9. Bb3 d6 10. h3 Bd7 11. f4 Nxd4 12. Bxd4 Bc6 13. f5 Nxe4 14. fxg6 hxg6
15. Bxg7 Kxg7 16. Nxe4 Bxe4 17. Qd4+ Qe5 18. Qxe5+ dxe5 19. Rae1 Bc6 20. Rxe5
e6 1/2-1/2

[Event "Bad Woerishofen op"]
[Site "?"]
[Date "2000.??.??"]
[Round "7"]
[White "Oldach, Ehrenfried"]
[Black "Fehres, Werner"]
[Result "1/2-1/2"]
[WhiteElo "2082"]
[BlackElo "1806"]
[Annotator "ChessOrg"]
[PlyCount "106"]
[EventDate "2000.??.??"]
[Source "ChessBase"]
[SourceDate "1998.04.29"]

1. f4 d5 2. Nf3 c5 3. e3 Nf6 4. b3 Nc6 5. Bb5 Bd7 6. Bb2 e6 7. O-O Be7 8. Bxc6
Bxc6 9. Ne5 Rc8 10. d3 O-O 11. Nd2 Ne8 12. Ndf3 f6 13. Nxc6 Rxc6 14. Qe1 b5 15.
a4 b4 16. Rd1 a5 17. e4 d4 18. Nd2 Qc8 19. Nc4 Ra6 20. e5 f5 21. Bc1 Nc7 22.
Rf3 Qd8 23. Rh3 Nd5 24. Bd2 Rf7 25. Qf1 g6 26. Qf3 Rg7 27. Rf1 Kh8 28. Kh1 Qc7
29. g4 Qc6 30. g5 Ra8 31. Rg1 Qc7 32. Rhg3 Rag8 33. Kg2 Bd8 34. h4 Qc6 35. Rh1
Ne7 36. Qxc6 Nxc6 37. h5 Bc7 38. Rgh3 Rd7 39. Kf3 Rgg7 40. hxg6 Rxg6 41. Rh6
Kg8 42. Bc1 Rdg7 43. Ke2 Rd7 44. Nd2 Rdg7 45. Nf3 Ne7 46. R1h4 Rxh6 47. Rxh6
Ng6 48. Kf2 Bd8 49. Kg3 Be7 50. Bd2 Bf8 51. Rh5 Rd7 52. Rh1 Kg7 53. Be1 Be7
1/2-1/2

[Event "Bad Woerishofen op"]
[Site "Bad Woerishofen"]
[Date "2000.??.??"]
[Round "9"]
[White "Oldach, Ehrenfried"]
[Black "Schuler, Georg"]
[Result "1-0"]
[WhiteElo "2082"]
[BlackElo "1919"]
[Annotator "ChessOrg"]
[PlyCount "61"]
[EventDate "1998.03.05"]
[Source "ChessBase"]
[SourceDate "1998.04.29"]

1. e4 c5 2. Nf3 d6 3. d4 cxd4 4. Nxd4 Nf6 5. Nc3 a6 6. Bc4 g6 7. f3 Bg7 8. Be3
Nc6 9. Qd2 Bd7 10. O-O-O Nxd4 11. Bxd4 Qc8 12. Bb3 b5 13. Nd5 Rb8 14. Nxf6+
exf6 15. Qf4 O-O 16. Bxf6 Be6 17. Bxg7 Kxg7 18. Rxd6 Bxb3 19. axb3 a5 20. h4 f6
21. e5 fxe5 22. Qxe5+ Kg8 23. Qd5+ Rf7 24. h5 Qf5 25. hxg6 hxg6 26. Rd8+ Rxd8
27. Qxd8+ Rf8 28. Qxa5 Rc8 29. Qd2 Ra8 30. Kb1 Qe6 31. Qd4 1-0

[Event "Bad Woerishofen op"]
[Site "?"]
[Date "2000.??.??"]
[Round "1"]
[White "Philipp, Guenther"]
[Black "Rahn, Oskar"]
[Result "0-1"]
[WhiteElo "1752"]
[BlackElo "2095"]
[Annotator "ChessOrg"]
[PlyCount "88"]
[EventDate "2000.??.??"]
[Source "ChessBase"]
[SourceDate "1998.04.29"]

1. d4 Nf6 2. Nc3 d5 3. e4 dxe4 4. f3 c5 5. Be3 cxd4 6. Bxd4 Nc6 7. Bb5 e6 8. a3
Bd7 9. Be3 a6 10. Be2 Qa5 11. Nh3 Nd5 12. b4 Nxe3 13. bxa5 Nxd1 14. Rxd1 Bxa3
15. Nxe4 h6 16. O-O Ke7 17. Nf4 Rhd8 18. Ra1 Bb4 19. Rab1 Rab8 20. Rfd1 f5 21.
c3 Bxa5 22. Nc5 Bc8 23. Bc4 Rxd1+ 24. Rxd1 Bb6 25. Nfd3 Bxc5+ 26. Nxc5 b5 27.
Ba2 Ne5 28. Rd4 Rb6 29. f4 Nf7 30. c4 Rd6 31. Nb3 Rxd4 32. Nxd4 Bd7 33. Kf2 b4
34. c5 Nd8 35. Bc4 Nc6 36. Nxc6+ Bxc6 37. Bxa6 b3 38. Bc4 b2 39. Ba2 Be4 40.
Ke3 b1=Q 41. Bxb1 Bxb1 42. h3 Be4 43. g4 Bc6 44. Kd4 Kf6 0-1

[Event "Bad Woerishofen op"]
[Site "?"]
[Date "2000.??.??"]
[Round "3"]
[White "Philipp, Guenther"]
[Black "Escher, Helmut"]
[Result "1/2-1/2"]
[WhiteElo "1752"]
[BlackElo "2050"]
[Annotator "ChessOrg"]
[PlyCount "120"]
[EventDate "2000.??.??"]
[Source "ChessBase"]
[SourceDate "1998.04.29"]

1. d4 Nf6 2. Nc3 d5 3. e4 Nxe4 4. Nxe4 dxe4 5. f3 e5 6. Be3 exd4 7. Bxd4 Nc6 8.
Bb5 Bd7 9. Bc3 Qe7 10. Qe2 exf3 11. Qxe7+ Bxe7 12. Nxf3 f6 13. O-O-O O-O-O 14.
Rhe1 Bd6 15. h3 Rhe8 16. Bd3 h6 17. Bg6 Rxe1 18. Rxe1 Bg3 19. Re2 Bf4+ 20. Kb1
Bxh3 21. a3 Bg4 22. Re4 Bxf3 23. Rxf4 Bd1 24. Bf5+ Kb8 25. g4 h5 26. gxh5 Bxh5
27. Rh4 g6 28. Bg4 Bxg4 29. Rxg4 Ne5 30. Bxe5 fxe5 31. Rxg6 Re8 32. Kc1 Kc8 33.
Rg7 Kd8 34. Kd2 Re7 35. Rg4 Kd7 36. Ke3 Ke6 37. Ke4 Rf7 38. Rg6+ Rf6 39. Rg7
Rf4+ 40. Ke3 Rf7 41. Rg8 a5 42. Rh8 b6 43. a4 Rg7 44. b3 Kd5 45. Rd8+ Kc5 46.
Rd2 Kb4 47. Ke4 Re7 48. Rd3 c6 49. Rd6 Kc5 50. Rd3 b5 51. Rc3+ Kb6 52. Rh3 Re8
53. Rd3 bxa4 54. bxa4 Kc5 55. Rc3+ Kb4 56. Rxc6 Kxa4 57. Rb6 Ka3 58. Rb5 a4 59.
c4 Ka2 60. c5 a3 1/2-1/2

[Event "Bad Woerishofen op"]
[Site "?"]
[Date "2000.??.??"]
[Round "5"]
[White "Philipp, Guenther"]
[Black "Bartlitz, Heinz"]
[Result "1-0"]
[WhiteElo "1752"]
[BlackElo "1614"]
[Annotator "ChessOrg"]
[PlyCount "77"]
[EventDate "2000.??.??"]
[Source "ChessBase"]
[SourceDate "1998.04.29"]

1. d4 d6 2. e4 Nf6 3. f3 c6 4. c3 b5 5. Be3 Nbd7 6. Bd3 a6 7. Ne2 e5 8. O-O Be7
9. Ng3 g6 10. Bh6 Ng8 11. Bg7 Bf6 12. Bxh8 Bxh8 13. Na3 exd4 14. Nb1 c5 15. Re1
c4 16. Bf1 d3 17. Nd2 Qb6+ 18. Kh1 Qf2 19. e5 dxe5 20. Nge4 Qb6 21. a4 Rb8 22.
axb5 axb5 23. b3 f5 24. Ng5 h6 25. Nh3 Ba6 26. bxc4 bxc4 27. Qa4 Bb5 28. Qb4
Ne7 29. Nxc4 Bxc4 30. Qxc4 Rc8 31. Qxd3 e4 32. fxe4 Bxc3 33. exf5 Bxa1 34. Rxa1
Nxf5 35. Re1+ Ne7 36. Nf4 Rc6 37. Rxe7+ Kf8 38. Qxd7 Rf6 39. Re8# 1-0

[Event "Bad Woerishofen op"]
[Site "?"]
[Date "2000.??.??"]
[Round "7"]
[White "Philipp, Guenther"]
[Black "Homes, Helmut"]
[Result "1-0"]
[WhiteElo "1752"]
[BlackElo "1839"]
[Annotator "ChessOrg"]
[PlyCount "65"]
[EventDate "2000.??.??"]
[Source "ChessBase"]
[SourceDate "1998.04.29"]

1. d4 d5 2. e4 dxe4 3. Nc3 Nf6 4. f3 exf3 5. Nxf3 Bg4 6. h3 Bxf3 7. Qxf3 c6 8.
Be3 e6 9. Bd3 Bb4 10. O-O Bxc3 11. bxc3 O-O 12. Qg3 Nbd7 13. Bg5 Re8 14. Qh4
Qa5 15. Rf3 e5 16. Rg3 Re6 17. Rf1 e4 18. Bc4 Nd5 19. Qg4 g6 20. Qh4 Rf8 21.
Bh6 Rfe8 22. Qg4 N7b6 23. Bb3 e3 24. Rgf3 e2 25. Re1 Nf6 26. Rxf6 Qxc3 27. Rxe6
Qxe1+ 28. Kh2 Rxe6 29. Bxe6 Qf2 30. Bd2 fxe6 31. Qxe6+ Kg7 32. Qe7+ Kg8 33. Bh6
1-0

[Event "Bad Woerishofen op"]
[Site "Bad Woerishofen"]
[Date "2000.??.??"]
[Round "9"]
[White "Philipp, Guenther"]
[Black "Scheerer, Helmut"]
[Result "0-1"]
[WhiteElo "1752"]
[BlackElo "1840"]
[Annotator "ChessOrg"]
[PlyCount "60"]
[EventDate "1998.03.05"]
[Source "ChessBase"]
[SourceDate "1998.04.29"]

1. d4 Nf6 2. Nc3 d5 3. e4 Nxe4 4. Nxe4 dxe4 5. Bf4 e6 6. f3 exf3 7. Nxf3 Nc6 8.
Bd3 Nb4 9. Bc4 Be7 10. c3 Nd5 11. Bd2 O-O 12. O-O c5 13. Qe1 Qc7 14. Bb3 cxd4
15. cxd4 Nf4 16. Rc1 Qd6 17. Qe4 Ng6 18. Bc2 Qd5 19. Qd3 Bd7 20. Ne5 Bb5 21.
Nxg6 hxg6 22. Qh3 Bxf1 23. Rxf1 Qxd4+ 24. Be3 Qh4 25. Qf3 b6 26. g3 Qb4 27. Bb3
Bc5 28. Kg2 Bxe3 29. Qxe3 Rad8 30. Bxe6 Qd2+ 0-1

[Event "Bad Woerishofen op"]
[Site "?"]
[Date "2000.??.??"]
[Round "1"]
[White "Potthammel, Joere"]
[Black "Bartlitz, Heinz"]
[Result "1-0"]
[WhiteElo "1907"]
[BlackElo "1614"]
[Annotator "ChessOrg"]
[PlyCount "103"]
[EventDate "2000.??.??"]
[Source "ChessBase"]
[SourceDate "1998.04.29"]

1. e4 d6 2. d4 Nf6 3. Nc3 c6 4. Nf3 Bg4 5. Be3 e6 6. h3 Bh5 7. Be2 Be7 8. O-O
O-O 9. Qd2 d5 10. e5 Nfd7 11. Nh2 Bxe2 12. Nxe2 c5 13. c3 Nc6 14. f4 f5 15. Nf3
c4 16. Ng5 Bxg5 17. fxg5 Ne7 18. Nf4 Qb6 19. h4 Ng6 20. h5 Nxf4 21. Rxf4 g6 22.
Raf1 Kg7 23. R1f3 Rh8 24. Rh3 a5 25. Qf2 Qd8 26. Rfh4 Qe7 27. Qf4 Rag8 28. Qh2
Nf8 29. hxg6 Kxg6 30. Rh6+ Kf7 31. g6+ Rxg6 32. Rxg6 Kxg6 33. Rh6+ Kf7 34. Qh5+
Kg8 35. Bg5 Qf7 36. Bf6 Qxh5 37. Rxh5 Ng6 38. Rh6 b5 39. g3 b4 40. a3 bxc3 41.
bxc3 a4 42. Kf2 Nf8 43. Ke3 Ng6 44. Kf3 Nf8 45. Kf4 Ng6+ 46. Kg5 Nf8 47. Bxh8
Kxh8 48. Kf6 Kg8 49. Rh2 Ng6 50. Rb2 f4 51. gxf4 Nxf4 52. Rb8# 1-0

[Event "Bad Woerishofen op"]
[Site "?"]
[Date "2000.??.??"]
[Round "3"]
[White "Potthammel, Joere"]
[Black "Barlo, Werner"]
[Result "1-0"]
[WhiteElo "1907"]
[BlackElo "1705"]
[Annotator "ChessOrg"]
[PlyCount "37"]
[EventDate "2000.??.??"]
[Source "ChessBase"]
[SourceDate "1998.04.29"]

1. e4 d6 2. d4 g6 3. h4 Nf6 4. Nc3 c6 5. Be2 h5 6. Bg5 Nh7 7. Be3 Nf6 8. Bg5
Nh7 9. Be3 Nf6 10. f3 Nbd7 11. Nh3 b5 12. Ng5 e5 13. d5 cxd5 14. Nxd5 a6 15. a4
Rb8 16. axb5 axb5 17. Ra7 Be7 18. Nc7+ Kf8 19. Nge6+ 1-0

[Event "Bad Woerishofen op"]
[Site "?"]
[Date "2000.??.??"]
[Round "5"]
[White "Potthammel, Joere"]
[Black "Reinke, Kurt"]
[Result "1-0"]
[WhiteElo "1907"]
[BlackElo "1786"]
[Annotator "ChessOrg"]
[PlyCount "51"]
[EventDate "2000.??.??"]
[Source "ChessBase"]
[SourceDate "1998.04.29"]

1. e4 c5 2. Nf3 d6 3. d4 cxd4 4. Nxd4 Nf6 5. Nc3 a6 6. Bc4 e6 7. Bb3 Bd7 8. g4
h6 9. Be3 b5 10. a3 Nc6 11. h3 Rc8 12. O-O Na5 13. f4 Nc4 14. Bxc4 Rxc4 15. Qf3
g6 16. e5 Nh7 17. Rad1 d5 18. f5 gxf5 19. gxf5 Ng5 20. Qh5 Bc5 21. h4 Bxd4 22.
Bxd4 Rg8 23. Kh2 Ne4 24. Rg1 Rxg1 25. Rxg1 Ng5 26. Rxg5 1-0

[Event "Bad Woerishofen op"]
[Site "?"]
[Date "2000.??.??"]
[Round "8"]
[White "Potthammel, Joere"]
[Black "Wunderer, Eckart"]
[Result "1/2-1/2"]
[WhiteElo "1907"]
[BlackElo "2106"]
[Annotator "ChessOrg"]
[PlyCount "38"]
[EventDate "2000.??.??"]
[Source "ChessBase"]
[SourceDate "1998.04.29"]

1. e4 d6 2. d4 Nf6 3. Nc3 c6 4. Be2 Nbd7 5. Nf3 e5 6. O-O Be7 7. h3 Qc7 8. Be3
Nf8 9. Qd2 Ng6 10. a4 O-O 11. a5 Bd7 12. Rfd1 Rfd8 13. b4 d5 14. exd5 cxd5 15.
Nxe5 Nxe5 16. dxe5 Qxe5 17. Bd4 Qe6 18. Qg5 h6 19. Qe5 Bd6 1/2-1/2

[Event "Bad Woerishofen op"]
[Site "?"]
[Date "2000.??.??"]
[Round "1"]
[White "Puls, Harry"]
[Black "Betz, Egon"]
[Result "0-1"]
[WhiteElo "1616"]
[BlackElo "1910"]
[Annotator "ChessOrg"]
[PlyCount "30"]
[EventDate "2000.??.??"]
[Source "ChessBase"]
[SourceDate "1998.04.29"]

1. d4 f5 2. c4 g6 3. Nc3 Nf6 4. Nf3 Bg7 5. Bg5 O-O 6. Qd2 d6 7. O-O-O c6 8. h4
Nbd7 9. e3 Qe8 10. d5 Nc5 11. Nd4 Nce4 12. Nxe4 Nxe4 13. Qe2 cxd5 14. cxd5 Bd7
15. f3 Ng3 0-1

[Event "Bad Woerishofen op"]
[Site "?"]
[Date "2000.??.??"]
[Round "3"]
[White "Puls, Harry"]
[Black "Ganslmayer, Herbert"]
[Result "0-1"]
[WhiteElo "1616"]
[BlackElo "1770"]
[Annotator "ChessOrg"]
[PlyCount "88"]
[EventDate "2000.??.??"]
[Source "ChessBase"]
[SourceDate "1998.04.29"]

1. d4 d5 2. c4 e6 3. Nc3 f5 4. e3 c6 5. Nf3 Bd6 6. a3 Nf6 7. b4 O-O 8. Bb2 Nbd7
9. c5 Bc7 10. a4 Ne4 11. b5 Nxc3 12. Bxc3 Nf6 13. a5 Ne4 14. Qb3 a6 15. b6 Bb8
16. Bd3 Qe8 17. O-O Rf6 18. Bxe4 fxe4 19. Ne5 Bxe5 20. dxe5 Rh6 21. Qd1 Bd7 22.
Ra2 Qg6 23. f3 Qh5 24. g3 Rf8 25. fxe4 Qxd1 26. Rxd1 Rf3 27. exd5 exd5 28. Bd4
Bf5 29. Rdd2 Be4 30. Rf2 Rxg3+ 31. Kf1 Bd3+ 32. Ke1 Rg1+ 33. Kd2 Be4 34. Kc3
Re6 35. h4 Rg4 36. Rf4 Rxf4 37. exf4 Kf7 38. h5 Rh6 39. Rh2 Ke6 40. Rh3 g6 41.
Be3 Bf5 42. Rg3 Rxh5 43. Rg1 Rh2 44. Bd2 d4+ 0-1

[Event "Bad Woerishofen op"]
[Site "?"]
[Date "2000.??.??"]
[Round "5"]
[White "Puls, Harry"]
[Black "Ziegler, Heinz"]
[Result "1-0"]
[WhiteElo "1616"]
[BlackElo "1500"]
[Annotator "ChessOrg"]
[PlyCount "112"]
[EventDate "2000.??.??"]
[Source "ChessBase"]
[SourceDate "1998.04.29"]

1. d4 d5 2. c4 dxc4 3. e3 e6 4. Bxc4 Nf6 5. Nf3 b6 6. Nc3 Bb7 7. O-O Be7 8. Re1
h6 9. e4 Nbd7 10. e5 Nd5 11. Nxd5 exd5 12. Bb3 Nf8 13. Qc2 c6 14. Be3 Ne6 15.
Rac1 Rc8 16. Qd3 Qd7 17. Ba4 a5 18. Nd2 Bg5 19. Bxg5 hxg5 20. Qg3 Nxd4 21. Qxg5
Ne6 22. Qg3 g6 23. Nf3 Kd8 24. Red1 Kc7 25. Nd4 Kb8 26. Qe3 b5 27. Bc2 Rh5 28.
Bd3 Nxd4 29. Qxd4 Re8 30. f4 Reh8 31. h3 g5 32. Be2 Rh4 33. Bg4 Qc7 34. fxg5
Bc8 35. Qc5 Bxg4 36. hxg4 Rh1+ 37. Kf2 Rxd1 38. Rxd1 Kb7 39. Re1 Rg8 40. Qe3
Qb6 41. Re2 Rxg5 42. Kf3 Qxe3+ 43. Rxe3 Rg6 44. Kf4 Re6 45. g5 Kc7 46. Kf5 Kd7
47. Kf4 Ke7 48. Rh3 d4 49. Ke4 Rg6 50. Rg3 Ke6 51. Kxd4 Kd7 52. Kc5 Kc7 53. Rf3
Rg7 54. Rf6 Kb7 55. g6 Rxg6 56. Rxg6 fxg6 1-0